000 00445nam a2200145Ia 4500
003 OSt
005 20260128105556.0
008 211028s2017 xx 000 0 und d
040 _cAIMIT LIBRARY
041 _aeng
100 _aKarkera, Sudeep; Nazareth, Teresa.
_g1516165
_97737
245 _aStudy on distribution channel with reference to Prakruti products pvt ltd Karwar /
260 _aMangalore
_bTeresa Nazareth.
_c2017
942 _2ddc
_cPRO
999 _c219305
_d219305